Energy heritage (Record no. 112182)

MARC details
000 -LEADER
fixed length control field 00966cad a22001935a 4500
001 - CONTROL NUMBER
control field E152721
008 - FIXED-LENGTH DATA ELEMENTS--GENERAL INFORMATION
fixed length control field 110418s2008 xxk f 000 0 eng d
020 ## - INTERNATIONAL STANDARD BOOK NUMBER
International Standard Book Number 0955654206
035 ## - SYSTEM CONTROL NUMBER
System control number (Sirsi) u152721
041 0# - LANGUAGE CODE
Language code of text/sound track or separate title eng
110 2# - MAIN ENTRY--CORPORATE NAME
Corporate name or jurisdiction name as entry element Changeworks
9 (RLIN) 5935
245 00 - TITLE STATEMENT
Title Energy heritage
Remainder of title a guide to improving energy efficiency in traditional and historic homes
Medium [electronic resource]
260 ## - PUBLICATION, DISTRIBUTION, ETC.
Place of publication, distribution, etc. Edinburgh
Name of publisher, distributor, etc. Changeworks
Date of publication, distribution, etc. 2008
520 ## - SUMMARY, ETC.
Summary, etc. Discusses statutory and other restrictions on works which can be carried out to historic buildings and looks at measures which can be implemented to improve their energy efficiency. Includes a case study of a historic tenement building in Edinburgh.
651 #4 - SUBJECT ADDED ENTRY--GEOGRAPHIC NAME
Geographic name Scotland
Chronological subdivision 1999-
690 ## - LOCAL SUBJECT ADDED ENTRY--TOPICAL TERM (OCLC, RLIN)
Topical term or geographic name as entry element ENVIRONMENTAL AND LAND CONSULTANCY-ENERGY-ENERGY USE-ENERGY EFFICIENCY
856 40 - ELECTRONIC LOCATION AND ACCESS
Uniform Resource Identifier <a href="https://www.changeworks.org.uk/uploads/83096-EnergyHeritage_online1.pdf">https://www.changeworks.org.uk/uploads/83096-EnergyHeritage_online1.pdf</a>
Public note View the report free of charge at www.changeworks.org.uk
942 ## - ADDED ENTRY ELEMENTS (KOHA)
Suppress in OPAC 0
Holdings
Withdrawn status Lost status Source of classification or shelving scheme Damaged status Not for loan Home library Current library Shelving location Date acquired Total Checkouts Full call number Barcode Date last seen Copy number Price effective from Koha item type
    Dewey Decimal Classification     Virtual Virtual Online 18/04/2011   ONLINE PUBLICATION 152721-2001 06/08/2019 1 06/08/2019 Book